Statistics for Tripoints - Missing Country #1

Click here to take the quiz!

General Stats

  • This quiz has been taken 191 times
    (110 since last reset)
  • The average score is 14 of 15

Answer Stats

Country 1Country 2Country 3% Correct
SpainFranceAndorra
97%
SwedenFinlandNorway
96%
GermanyPolandCzech Republic
94%
EgyptLibyaSudan
94%
ChileArgentinaBolivia
93%
MexicoBelizeGuatemala
93%
ThailandCambodiaLaos
93%
ItalyFranceSwitzerland
93%
IranPakistanAfghanistan
92%
TurkeyGeorgiaArmenia
92%
SomaliaKenyaEthiopia
91%
AlbaniaGreeceNorth Macedonia
91%
South AfricaNamibiaBotswana
90%
KuwaitSaudi ArabiaIraq
88%
NigeriaBeninNiger
85%

Score Distribution

Percentile by Number Answered

Percent of People with Each Score

Your Score History

You have not taken this quiz since the last reset